Online katalóg knižníc regiónu Turca

Liptovské hole a Chočské pohorie (Record no. 20148)

MARC details
000 -LEADER
fixed length control field 01723cam a2200481 a 4500
001 - CONTROL NUMBER
control field 20148
003 - CONTROL NUMBER IDENTIFIER
control field VRT
005 - DATE AND TIME OF LATEST TRANSACTION
control field 20260117124252.0
008 - FIXED-LENGTH DATA ELEMENTS--GENERAL INFORMATION
fixed length control field 250414s1958 xo a 000 0 slo
015 ## - NATIONAL BIBLIOGRAPHY NUMBER
National bibliography number SNBA1958
020 ## - INTERNATIONAL STANDARD BOOK NUMBER
Qualifying information (brož.)
035 ## - SYSTEM CONTROL NUMBER
System control number SK01SNK19580024308
035 ## - SYSTEM CONTROL NUMBER
System control number urn:nbn:sk:snk-amk2t8
035 ## - SYSTEM CONTROL NUMBER
System control number urn:nbn:sk:snk-am0083iw
035 ## - SYSTEM CONTROL NUMBER
System control number 43B2D547-A3C7-4B0B-908A-DD6EC13EBF93
035 ## - SYSTEM CONTROL NUMBER
System control number SKM000026771
039 #9 - LEVEL OF BIBLIOGRAPHIC CONTROL AND CODING DETAIL [OBSOLETE]
Level of rules in bibliographic description 202504141318
Level of effort used to assign nonsubject heading access points VLOAD
Level of effort used to assign subject headings 202403151954
Level of effort used to assign classification VLOAD
Level of effort used to assign subject headings 202301161110
Level of effort used to assign classification VLOAD
Level of effort used to assign subject headings 202206161337
Level of effort used to assign classification AUTHORITY
040 ## - CATALOGING SOURCE
Original cataloging agency SNK
Language of cataloging slo
Transcribing agency SNK
Description conventions AACR2
041 0# - LANGUAGE CODE
Language code of text/sound track or separate title slo
-- ger
-- pol
044 ## - COUNTRY OF PUBLISHING/PRODUCING ENTITY CODE
MARC country code xo
ISO country code SK
080 ## - UNIVERSAL DECIMAL CLASSIFICATION NUMBER
Universal Decimal Classification number 908.:779
Edition identifier 1981
080 ## - UNIVERSAL DECIMAL CLASSIFICATION NUMBER
Universal Decimal Classification number 779
Edition identifier 1981
100 1# - MAIN ENTRY--PERSONAL NAME
Personal name Halaša, Ján,
Dates associated with a name 1893-1981
Relationship aut
245 10 - TITLE STATEMENT
Title Liptovské hole a Chočské pohorie
Statement of responsibility, etc. [autori:] Ján Halaša, Štefan Marton
260 ## - PUBLICATION, DISTRIBUTION, ETC.
Place of publication, distribution, etc. Martin
Name of publisher, distributor, etc. Osveta
Date of publication, distribution, etc. 1958
Place of manufacture Martin
Manufacturer Severoslovenské tlačiarne
300 ## - PHYSICAL DESCRIPTION
Extent [20] s., 148
Other physical details obr.
Dimensions
366 ## - TRADE AVAILABILITY INFORMATION
Note 11200 výt.
546 ## - LANGUAGE NOTE
Language note Súbežný text v nem. a poľ.
651 #7 - SUBJECT ADDED ENTRY--GEOGRAPHIC NAME
Geographic name Roháče (Západné Tatry, Slovensko : pohorie)
Source of heading or term SNKPH
651 #7 - SUBJECT ADDED ENTRY--GEOGRAPHIC NAME
Geographic name Chočské vrchy (Slovensko : pohorie)
Source of heading or term SNKPH
655 #7 - INDEX TERM--GENRE/FORM
Genre/form data or focus term fotografické publikácie
Source of term SNKPH
700 1# - ADDED ENTRY--PERSONAL NAME
Personal name Marton, Štefan,
Dates associated with a name 1917-2001
Relationship aut
942 ## - ADDED ENTRY ELEMENTS (KOHA)
Source of classification or shelving scheme Dewey Decimal Classification
Koha item type Odborná literatúra pre dospelých
Suppress in OPAC No
949 ## - LOCAL PROCESSING INFORMATION (OCLC)
6 273K0071851
a svkpoC 4203
b svkpo54946
949 ## - LOCAL PROCESSING INFORMATION (OCLC)
6 49505A02126
a lmsmopaj77.04
b lmsmopaj11058
949 ## - LOCAL PROCESSING INFORMATION (OCLC)
6 17A0764719
a snkSB 4879
s 6100:20140925
949 ## - LOCAL PROCESSING INFORMATION (OCLC)
6 17A0311527
9 P60, <04>, [BOOK], {604}
a snkSB 4879 D1
949 ## - LOCAL PROCESSING INFORMATION (OCLC)
6 4710708248
a strmkN 908
b strmk2008/8248
949 ## - LOCAL PROCESSING INFORMATION (OCLC)
6 0133049488
a snmk
b snmk49488
949 ## - LOCAL PROCESSING INFORMATION (OCLC)
6 0133011646
a snmk
b snmk11646
Holdings
Stav vyradenia Strata Poškodenie Spôsob nadobudnutia Domovská knižnica Aktuálna knižnica Dátum nadobudnutia Total checkouts Čiarový kód exemplára Date last seen Typ exemplára
      Dar Obecná knižnica Horná Štubňa Obecná knižnica Horná Štubňa 17.01.2026   4736200158 17.01.2026 Odborná literatúra pre dospelých
Projekt je podporený Slovenskou asociáciou knižníc
Prevádzkuje Turčianska knižnica Martin 2026